| 000 | 00728 a2200253 4500 | ||
|---|---|---|---|
| 003 | Nust | ||
| 005 | 20170207154020.0 | ||
| 020 | _a1-56592-609-9 (pbk) ; | ||
| 040 | _cNust | ||
| 082 | _a005.133 | ||
| 082 | _a005.133 | ||
| 082 | _a005.71262 | ||
| 100 | 1 | _aBlank-Edelman, David N. | |
| 245 | 0 | 0 |
_aPerl for system administration-(EBOOK) _cDavid N. Blank-Edelman |
| 250 | _a1. ed. | ||
| 260 |
_aSebastopol, Calif. : _bO'Reilly, _c2000 |
||
| 300 |
_axiv, 430 s. : _bill. |
||
| 650 | 7 | _aPerl (Computer program language) | |
| 650 | 7 | _aPerl (Computer programming languages) | |
| 650 | 7 | _aPerl (Programmeringssprå«© | |
| 650 | 7 | _aPerl (Programmeringssprå«© | |
| 650 | 7 | _aSystems programming (Computer science) | |
| 651 | _aEBOOK | ||
| 942 |
_2ddc _cBK |
||
| 999 |
_c191616 _d191616 |
||